[Event "Klub Kölner SF 1 - SV Würselen 1"]
[Site "Oberliga NRW 2014/2015"]
[Date "2014.11.16"]
[Round "3.6"]
[White "Bonnmann, Reinhard"]
[Black "Bien, Stefan"]
[Result "1/2-1/2"]
[WhiteElo "2183"]
[BlackElo "2062"]
[PlyCount "99"]
[EventDate "2014.??.??"]
[WhiteTeam "Klub Kölner SF 1"]
[BlackTeam "SV Würselen 1"]

1. d4 d5 2. c4 c6 3. Nf3 e6 4. g3 f5 5. Bg2 Nf6 6. O-O Be7 7. b3 O-O 8. Ba3 Bd7
9. Qc1 Be8 10. Bxe7 Qxe7 11. Qa3 Qxa3 12. Nxa3 Bh5 13. b4 a6 14. Rfc1 Nbd7 15.
Nb1 Nb6 16. c5 Nbd7 17. Nbd2 Ne4 18. Nb3 Rac8 19. Bf1 Rc7 20. Ne1 f4 21. g4 Bg6
22. f3 Nef6 23. h4 h5 24. g5 Ne8 25. Nd3 Bxd3 26. exd3 g6 27. Bh3 Ng7 28. a4
Nf5 29. Bxf5 Rxf5 30. b5 Rf7 31. Re1 Re7 32. bxa6 bxa6 33. Rab1 Kf7 34. Na5 e5
35. Rb6 Re6 36. Rxa6 exd4 37. Rxe6 Kxe6 38. Nxc6 Nxc5 39. Nxd4+ Ke5 40. Rc6
Rxc6 41. Nxc6+ Kd6 42. Nb4 Nxa4 43. d4 Nb2 44. Kf1 Ke6 45. Ke2 Nc4 46. Nd3 Kf5
47. Nb4 Ne3 48. Kf2 Ke6 49. Nd3 Kf5 50. Nb4 1/2-1/2

[Event "Klub Kölner SF 1 - SV Würselen 1"]
[Site "Oberliga NRW 2014/2015"]
[Date "2014.11.16"]
[Round "3.7"]
[White "Kinderreich, Toni"]
[Black "Wisskirchen, Andreas"]
[Result "0-1"]
[WhiteElo "2073"]
[BlackElo "2179"]
[Annotator "Hausrath,Daniel"]
[PlyCount "130"]
[EventDate "2014.??.??"]
[WhiteTeam "SV Würselen 1"]
[BlackTeam "Klub Kölner SF 1"]

1. d4 Nf6 2. Nf3 g6 3. Bf4 Bg7 4. e3 O-O 5. Nbd2 d6 6. Bc4 Nc6 7. c3 Qe8 8. h3
e5 9. dxe5 Nxe5 10. Bxe5 dxe5 11. Qe2 a6 12. Nf1 Ne4 13. N3d2 Nd6 14. Bb3 Bd7
15. Ng3 Bc6 16. e4 Bh6 17. O-O-O Ba4 18. Kb1 Bxb3 19. axb3 Qb5 20. Qxb5 axb5
21. Nf3 f6 22. Rhe1 Rfd8 23. h4 $11 Bf4 24. Nf1 Nxe4 25. Rxd8+ Rxd8 26. Rxe4
Rd1+ 27. Kc2 Rxf1 28. Re2 Kf7 29. g3 Bh6 30. b4 c6 31. Nh2 Rc1+ 32. Kb3 Rd1 33.
Ng4 Bg7 34. Kc2 Rd7 35. f3 h5 36. Nf2 b6 37. Re1 Bh6 38. Nd3 Ra7 39. Nf2 Bf8
40. Rd1 Be7 41. Re1 c5 42. bxc5 bxc5 43. c4 bxc4 44. Re4 Ra4 45. Kc3 f5 46.
Rxc4 Rxc4+ 47. Kxc4 Ke6 48. Nd3 e4 49. Nf4+ Kf7 50. fxe4 fxe4 51. Kd5 e3 52. b3
g5 53. hxg5 Bxg5 54. Ne2 Kf6 55. Kxc5 Ke5 56. Kc4 Ke4 57. Nc3+ Kf3 58. Kd3 Be7
59. Ne2 Kf2 60. Nc3 Kf3 61. Ne2 Bd6 62. Nd4+ Kf2 63. Ne2 Bxg3 64. b4 h4 65. b5
Bc7 0-1

[Event "Klub Kölner SF 1 - SV Würselen 1"]
[Site "Oberliga NRW 2014/2015"]
[Date "2014.11.16"]
[Round "3.8"]
[White "Meertens, Martin"]
[Black "Popielas, Hans"]
[Result "1/2-1/2"]
[WhiteElo "2102"]
[BlackElo "1783"]
[PlyCount "37"]
[EventDate "2014.??.??"]
[WhiteTeam "Klub Kölner SF 1"]
[BlackTeam "SV Würselen 1"]

1. d4 f5 2. c4 e6 3. Nf3 Nf6 4. e3 b6 5. Bd3 Bb7 6. O-O g6 7. Nc3 Bg7 8. Qe2
Ne4 9. Nd2 d5 10. f3 Nxc3 11. bxc3 O-O 12. Ba3 Re8 13. f4 Nd7 14. Rab1 Nf6 15.
c5 Rb8 16. Rb3 c6 17. cxb6 axb6 18. Rfb1 b5 19. c4 1/2-1/2

[Event "SG Porz 2 - SV Mülheim-Nord 2"]
[Site "Oberliga NRW 2014/2015"]
[Date "2014.11.16"]
[Round "3.1"]
[White "Beerdsen, Thomas"]
[Black "Miedema, David"]
[Result "1-0"]
[WhiteElo "2243"]
[BlackElo "2362"]
[PlyCount "81"]
[EventDate "2014.??.??"]
[WhiteTeam "SV Mülheim-Nord 2"]
[BlackTeam "SG Porz 2"]

1. e4 e6 2. d4 d5 3. Nd2 c5 4. Ngf3 Nf6 5. e5 Ne4 6. Bd3 Nxd2 7. Bxd2 cxd4 8.
Nxd4 Nc6 9. Nxc6 bxc6 10. O-O a5 11. c4 a4 12. a3 Qb6 13. Rc1 Bd7 14. Rc2 g6
15. Qf3 Bg7 16. cxd5 cxd5 17. Bb4 Rc8 18. Rxc8+ Bxc8 19. Rc1 Bd7 20. Bc2 Bxe5
21. Re1 Bd4 22. Kh1 Bc6 23. Qf4 Bb5 24. b3 Bc5 25. bxa4 Bd7 26. a5 Qa7 27. Bxc5
Qxc5 28. Ba4 Qa7 29. Bxd7+ Qxd7 30. Qb4 Qa7 31. Qd6 Qe7 32. Qb8+ Qd8 33. Qb4
Kd7 34. a6 Qc7 35. Qa4+ Qc6 36. Qf4 f5 37. Rc1 e5 38. Qh6 Qf6 39. a7 Qe7 40.
Rb1 Kc7 41. Qc1+ 1-0

[Event "SG Porz 2 - SV Mülheim-Nord 2"]
[Site "Oberliga NRW 2014/2015"]
[Date "2014.11.16"]
[Round "3.2"]
[White "Korotkjevich, Stanislav"]
[Black "Zwirs, Nico"]
[Result "0-1"]
[WhiteElo "2374"]
[BlackElo "2323"]
[PlyCount "102"]
[EventDate "2014.??.??"]
[WhiteTeam "SG Porz 2"]
[BlackTeam "SV Mülheim-Nord 2"]

1. Nf3 Nf6 2. c4 g6 3. Nc3 Bg7 4. g3 O-O 5. Bg2 d6 6. O-O Nc6 7. Rb1 a5 8. a3
e5 9. d3 Re8 10. Ne1 Nd4 11. e3 Ne6 12. Nf3 Nc5 13. b4 axb4 14. axb4 Nxd3 15.
Qxd3 e4 16. Nxe4 Nxe4 17. Nd4 c5 18. Bxe4 cxd4 19. Bd5 Bh3 20. Re1 dxe3 21.
Rxe3 Bf5 22. Be4 Rxe4 23. Rxe4 b5 24. Qd5 bxc4 25. Bg5 Bxe4 26. Qxe4 d5 27.
Bxd8 dxe4 28. Bg5 Ra1 29. Rxa1 Bxa1 30. Kf1 Kf8 31. Ke2 Ke8 32. g4 Bb2 33. f3
exf3+ 34. Kxf3 c3 35. Bf6 Ba1 36. Bg5 Bb2 37. Bf6 Ba1 38. Bg5 Kd7 39. Ke4 Kc6
40. Kd3 Kb5 41. Be7 f5 42. gxf5 gxf5 43. Bd6 Bb2 44. h3 h5 45. Bc5 Ka4 46. Kc2
f4 47. Bd6 f3 48. Bc5 Ba3 49. Kd3 Kb3 50. Be7 Bxb4 51. Bg5 Bc5 0-1

[Event "SG Porz 2 - SV Mülheim-Nord 2"]
[Site "Oberliga NRW 2014/2015"]
[Date "2014.11.16"]
[Round "3.3"]
[White "Rezasade, Amir"]
[Black "Malykin, Vitaly"]
[Result "1/2-1/2"]
[WhiteElo "2259"]
[BlackElo "2370"]
[PlyCount "44"]
[EventDate "2014.??.??"]
[WhiteTeam "SV Mülheim-Nord 2"]
[BlackTeam "SG Porz 2"]

1. Nf3 d5 2. g3 Nf6 3. Bg2 Nbd7 4. d4 e6 5. O-O b5 6. c3 c5 7. Bg5 Bb7 8. Nbd2
Be7 9. a4 b4 10. cxb4 cxb4 11. a5 Ba6 12. Re1 O-O 13. Qa4 Rb8 14. Rac1 Bb5 15.
Qa1 Rc8 16. Bf1 h6 17. Bxf6 Nxf6 18. e3 Bxf1 19. Rxf1 Qd7 20. Rxc8 Rxc8 21. Rc1
Bd6 22. Ne5 Bxe5 1/2-1/2

[Event "SG Porz 2 - SV Mülheim-Nord 2"]
[Site "Oberliga NRW 2014/2015"]
[Date "2014.11.16"]
[Round "3.4"]
[White "Gallinnis, Norbert"]
[Black "Wittenberg, Andreas"]
[Result "1-0"]
[WhiteElo "2222"]
[BlackElo "2167"]
[PlyCount "191"]
[EventDate "2014.??.??"]
[WhiteTeam "SG Porz 2"]
[BlackTeam "SV Mülheim-Nord 2"]

1. e4 e6 2. d4 d5 3. Nc3 Nc6 4. Nf3 Nf6 5. e5 Ne4 6. a3 Be7 7. Bd3 Nxc3 8. bxc3
Na5 9. O-O c5 10. Be3 c4 11. Be2 Bd7 12. a4 Qc7 13. Nd2 O-O-O 14. f4 Rhg8 15.
Rf2 Kb8 16. g4 g6 17. Nf1 h5 18. gxh5 gxh5+ 19. Rg2 Rxg2+ 20. Kxg2 Rg8+ 21. Kh1
h4 22. Bf3 Bc6 23. Bf2 Qd7 24. Ne3 b6 25. Qe1 Bxa4 26. Bxh4 Bc6 27. Bg3 Nb7 28.
f5 a5 29. f6 Bf8 30. h4 a4 31. h5 b5 32. Bf4 Rh8 33. Kg2 Ka7 34. Kf2 Qe8 35.
Ke2 Kb6 36. Kd2 Na5 37. Kc1 Bh6 38. Bxh6 Rxh6 39. Qg3 Rh7 40. Kb2 Qf8 41. Qe1
Qh6 42. Qd2 Bd7 43. Rg1 Qf8 44. Ng2 Nc6 45. Nf4 Ka5 46. Ne2 Kb6 47. Nc1 Kc7 48.
Na2 Kd8 49. Rg3 Be8 50. Qg2 b4 51. cxb4 Nxb4 52. Qd2 Nc6 53. Bd1 Bd7 54. Ra3
Qh6 55. Qf2 Na5 56. Nc3 Qf8 57. Na2 Qh6 58. Kb1 Kc7 59. Qe1 Nc6 60. Rg3 Rh8 61.
Qf2 Rb8+ 62. Ka1 Na5 63. Qe3 Qh7 64. Qa3 Nc6 65. Qd6+ Kc8 66. Rg7 Qe4 67. Rg8+
Nd8 68. Rxd8+ Kxd8 69. Qxb8+ Bc8 70. Qd6+ Bd7 71. Qb6+ Kc8 72. Qc5+ Kb7 73. Nc3
Qe3 74. Qb4+ Kc8 75. Ne2 Kc7 76. Qc3 Qg5 77. Qa5+ Kc8 78. Qc5+ Kb7 79. Qe7 Kc7
80. Qc5+ Kb7 81. Kb2 Qxh5 82. Nc3 Qh4 83. Nb5 Bxb5 84. Qxb5+ Kc7 85. Qa5+ Kb7
86. c3 Qh7 87. Bc2 Qg8 88. Qxa4 Kb6 89. Qb4+ Ka6 90. Ba4 Qg2+ 91. Ka3 Qg1 92.
Bb5+ Ka7 93. Qa5+ Kb8 94. Qb6+ Kc8 95. Ba6+ Kd7 96. Qd6+ 1-0

[Event "SG Porz 2 - SV Mülheim-Nord 2"]
[Site "Oberliga NRW 2014/2015"]
[Date "2014.11.16"]
[Round "3.5"]
[White "Buckels, Valentin"]
[Black "Pauly, Carlo"]
[Result "1/2-1/2"]
[WhiteElo "2141"]
[BlackElo "2198"]
[PlyCount "133"]
[EventDate "2014.??.??"]
[WhiteTeam "SV Mülheim-Nord 2"]
[BlackTeam "SG Porz 2"]

1. d4 Nf6 2. c4 g6 3. Nf3 Bg7 4. g3 O-O 5. Bg2 d6 6. O-O Nc6 7. Nc3 a6 8. d5
Na5 9. b3 c5 10. dxc6 Nxc6 11. Bb2 Qa5 12. Qc1 Qh5 13. h4 Bg4 14. Qd2 e5 15.
Nh2 Bf5 16. Rfd1 Rad8 17. Nd5 Nxd5 18. Bf3 Qh6 19. Bxd5 Qxd2 20. Rxd2 Rd7 21.
Rad1 Rfd8 22. Ba3 h5 23. Nf3 e4 24. Ng5 e3 25. fxe3 Bc3 26. Nxf7 Rxf7 27. Bxf7+
Kxf7 28. Rxd6 Re8 29. Kf2 Ne5 30. Rb6 Ng4+ 31. Kg1 Rxe3 32. Rxb7+ Kf6 33. Rd6+
Be6 34. Rd3 Be5 35. Rxe3 Nxe3 36. Bc1 Bd4 37. Bxe3 Bxe3+ 38. Kh2 Ke5 39. Rg7
Kf5 40. Re7 Bd4 41. e4+ Kf6 42. Re8 a5 43. Ra8 Bc3 44. c5 Ke7 45. Ra7+ Kd8 46.
Kg2 Bb4 47. c6 Bc3 48. Kf3 Bd4 49. Rxa5 Kc7 50. Ra6 Bc8 51. Ra4 Bg4+ 52. Kg2
Bf6 53. Ra7+ Kb6 54. Rf7 Be5 55. c7 Bxc7 56. Rf6+ Kc5 57. Rxg6 Kd4 58. Rc6 Be5
59. a4 Kxe4 60. a5 Ke3 61. Rc4 Bf3+ 62. Kh3 Kf2 63. Rc2+ Kg1 64. Rc1+ Kf2 65.
Rc2+ Kg1 66. Rc1+ Kf2 67. Rc2+ 1/2-1/2

[Event "SG Porz 2 - SV Mülheim-Nord 2"]
[Site "Oberliga NRW 2014/2015"]
[Date "2014.11.16"]
[Round "3.6"]
[White "Wagenknecht, Uwe"]
[Black "Nachbar, Benjamin"]
[Result "0-1"]
[WhiteElo "2148"]
[BlackElo "2159"]
[Annotator "Hausrath,Daniel"]
[PlyCount "58"]
[EventDate "2014.??.??"]
[WhiteTeam "SG Porz 2"]
[BlackTeam "SV Mülheim-Nord 2"]

1. e4 c6 2. Nc3 d5 3. Nf3 Nf6 4. e5 Ne4 5. Ne2 Qb6 6. d4 e6 7. g3 c5 8. Bg2 Bd7
9. O-O Bb5 10. Be3 Nc6 11. c3 cxd4 12. Nfxd4 Nxe5 13. Nxb5 Qxb5 14. Nd4 Qd7 15.
Qe2 Nf6 16. Rad1 Be7 17. Bh6 gxh6 18. Qxe5 Rc8 19. Bh3 Qd6 20. Qe3 h5 21. Rfe1
h6 22. Nxe6 fxe6 23. Bxe6 Rc7 24. Qf3 Rf8 25. Bxd5 Ng4 26. Qe2 Qb6 27. Rf1 Rd7
28. c4 Nxf2 29. Qxh5+ Kd8 {ZÜ} 0-1

[Event "SG Porz 2 - SV Mülheim-Nord 2"]
[Site "Oberliga NRW 2014/2015"]
[Date "2014.11.16"]
[Round "3.7"]
[White "van Osch, Mees"]
[Black "Xu, Xianliang"]
[Result "1-0"]
[WhiteElo "2304"]
[BlackElo "2159"]
[PlyCount "241"]
[EventDate "2014.??.??"]
[WhiteTeam "SV Mülheim-Nord 2"]
[BlackTeam "SG Porz 2"]

1. e4 c5 2. Nf3 g6 3. d4 cxd4 4. Nxd4 Nc6 5. c4 Nf6 6. Nc3 Nxd4 7. Qxd4 d6 8.
c5 e5 9. Qd1 dxc5 10. Qxd8+ Kxd8 11. Bg5 Be7 12. O-O-O+ Ke8 13. Nb5 Kf8 14. Nc7
Rb8 15. Bh6+ Kg8 16. f3 Be6 17. Kc2 Rc8 18. Nxe6 fxe6 19. Bg5 Kf7 20. Bxf6 Kxf6
21. Rd7 Rb8 22. Be2 Rhd8 23. Rhd1 h6 24. a4 g5 25. Kc3 Rdc8 26. g3 Rd8 27. Kc4
Rdc8 28. f4 exf4 29. gxf4 Bd8 30. e5+ Kg6 31. Bg4 gxf4 32. Bxe6 Bg5 33. Rg1 f3
34. Bf7+ Kf5 35. e6 Rd8 36. Rf1 Kg4 37. Kd5 Bh4 38. Kd6 f2 39. e7 Rdc8 40. Bd5
Kh3 41. Ke5 Re8 42. Ke6 Kxh2 43. Be4 Kg3 44. Rh1 Bg5 45. Bg6 Rg8 46. Rd3+ Kf4
47. Bh5 Ke4 48. Rf3 Be3 49. Rh4+ Kd3 50. Rhh3 Kd2 51. Rf5 Bd4 52. Rhf3 Ke1 53.
R5f4 a6 54. Kd6 Rg1 55. Rf8 Rg8 56. R8f4 Rg1 57. Rf8 Rg8 58. R8f4 Rg1 59. Rd3
Kf1 60. Bf3 Rg6+ 61. Kd7 Kg1 62. Rd1+ Kh2 63. Rh1+ Kg3 64. Rf8 Rg8 65. Rxb8
Rxb8 66. Bd5 Bxb2 67. e8=Q Rxe8 68. Kxe8 b5 69. axb5 axb5 70. Bc6 b4 71. Bd5
Bd4 72. Kd7 Kf4 73. Bc4 Ke3 74. Rxh6 Kd2 75. Kc6 Kc2 76. Rh3 Kd2 77. Kb5 Ke1
78. Rh1+ Kd2 79. Rh3 Ke1 80. Rf3 Kd1 81. Ka4 Kc2 82. Be6 Kb2 83. Kb5 Kc2 84.
Bd5 Kd2 85. Rf5 Ke1 86. Bc4 Kd2 87. Rf3 Kc2 88. Bb3+ Kd2 89. Rf7 Ke1 90. Bc4
Kd2 91. Ka4 Kc3 92. Be6 Kc2 93. Rf3 Kb2 94. Kb5 Kc2 95. Ka4 Kb2 96. Rf8 Kc2 97.
Rf7 Kc3 98. Kb5 Kd3 99. Bd5 Kc3 100. Rf5 Kd3 101. Be6 Kc3 102. Bd5 Kd3 103. Be6
Kc3 104. Rf3+ Kd2 105. Bc4 Kc2 106. Kc6 Kd2 107. Kd5 Kc2 108. Ke4 Kd2 109. Kf5
Kc2 110. Kg4 Kd2 111. Kg3 Kc2 112. Kg2 Kd1 113. Kf1 Kd2 114. Rd3+ Kc2 115. Ke2
Kb2 116. Rf3 Kc2 117. Be6 Kc1 118. Rb3 Kc2 119. Bc4 Kc1 120. Bd3 f1=R 121. Rb1#
1-0

[Event "SG Porz 2 - SV Mülheim-Nord 2"]
[Site "Oberliga NRW 2014/2015"]
[Date "2014.11.16"]
[Round "3.8"]
[White "Sabirov, Ramil"]
[Black "Bus, Tom"]
[Result "1-0"]
[WhiteElo "1981"]
[BlackElo "2105"]
[PlyCount "67"]
[EventDate "2014.??.??"]
[WhiteTeam "SG Porz 2"]
[BlackTeam "SV Mülheim-Nord 2"]

1. g3 e5 2. Bg2 Nf6 3. d3 d5 4. Nd2 Be7 5. e4 Nc6 6. Ngf3 O-O 7. O-O Re8 8. Qe2
Bf8 9. c3 a5 10. b3 h6 11. a3 Be6 12. Bb2 dxe4 13. dxe4 Nd7 14. b4 axb4 15.
axb4 Qe7 16. Qb5 Rab8 17. Rfe1 f6 18. Nc4 Nd8 19. Ne3 c6 20. Qe2 Nb6 21. Ba3
Ra8 22. Nd2 Qf7 23. c4 Rxa3 24. Rxa3 Bxb4 25. Ra7 Nxc4 26. Nexc4 Bxc4 27. Nxc4
Ne6 28. Rb1 Nd4 29. Qa2 Nb5 30. Rxb7 Be7 31. Qc2 Nd4 32. Qa4 Kh8 33. Nd6 Qg6
34. Nxe8 1-0

[Event "SV Wattenscheid 1 - PSV Duisburg 1"]
[Site "Oberliga NRW 2014/2015"]
[Date "2014.11.16"]
[Round "3.1"]
[White "Fleck, Juergen"]
[Black "Tereick, Benjamin"]
[Result "1/2-1/2"]
[WhiteElo "2329"]
[BlackElo "2421"]
[PlyCount "43"]
[EventDate "2014.??.??"]
[WhiteTeam "PSV Duisburg 1"]
[BlackTeam "SV Wattenscheid 1"]

1. e4 e6 2. d4 d5 3. Nc3 Nf6 4. e5 Nfd7 5. f4 c5 6. Nf3 Qb6 7. Be3 a6 8. a3 Nc6
9. dxc5 Bxc5 10. Na4 Qa5+ 11. b4 Qxa4 12. bxc5 O-O 13. c4 Qa5+ 14. Qd2 Rd8 15.
Qxa5 Nxa5 16. Rd1 Nb8 17. cxd5 exd5 18. h3 Bd7 19. Kf2 Bc6 20. Nd4 Ba4 21. Rb1
Nbc6 22. Nxc6 1/2-1/2

[Event "SV Wattenscheid 1 - PSV Duisburg 1"]
[Site "Oberliga NRW 2014/2015"]
[Date "2014.11.16"]
[Round "3.2"]
[White "Hopman, Pieter"]
[Black "Schiffer, Kai-Uwe"]
[Result "1/2-1/2"]
[WhiteElo "2363"]
[BlackElo "2234"]
[PlyCount "62"]
[EventDate "2014.??.??"]
[WhiteTeam "SV Wattenscheid 1"]
[BlackTeam "PSV Duisburg 1"]

1. d4 d5 2. c4 e6 3. Nf3 c5 4. cxd5 exd5 5. g3 Nf6 6. Bg2 Be7 7. O-O O-O 8. Nc3
Nc6 9. Bg5 c4 10. Ne5 Be6 11. Nxc6 bxc6 12. b3 h6 13. Bxf6 Bxf6 14. Na4 Rc8 15.
Nc5 Bf5 16. bxc4 dxc4 17. e3 Be7 18. Qa4 Bxc5 19. dxc5 Bd3 20. Rfd1 Qe7 21.
Rac1 Rfd8 22. Bxc6 Qxc5 23. Bd7 Be2 24. Rd4 Rc7 25. Bh3 Rxd4 26. exd4 Qc6 27.
Qxc6 Rxc6 28. Bf1 Bxf1 29. Kxf1 Kf8 30. Ke2 Ke7 31. Rc3 Ra6 1/2-1/2

[Event "SV Wattenscheid 1 - PSV Duisburg 1"]
[Site "Oberliga NRW 2014/2015"]
[Date "2014.11.16"]
[Round "3.3"]
[White "Schmitz, Joachim"]
[Black "Straeter, Timo"]
[Result "1/2-1/2"]
[WhiteElo "2208"]
[BlackElo "2284"]
[PlyCount "129"]
[EventDate "2014.??.??"]
[WhiteTeam "PSV Duisburg 1"]
[BlackTeam "SV Wattenscheid 1"]

1. c4 e6 2. g3 d5 3. Nf3 Nf6 4. Bg2 Be7 5. O-O O-O 6. b3 c5 7. Bb2 Nc6 8. e3 b6
9. Nc3 Bb7 10. cxd5 Nxd5 11. Nxd5 exd5 12. d4 Bf6 13. Qe2 c4 14. bxc4 Ba6 15.
Qd1 Bxc4 16. Re1 Nb4 17. Ba3 a5 18. Qd2 Be7 19. Ne5 Rc8 20. e4 dxe4 21. Nxc4
Rxc4 22. Rxe4 Bg5 23. Qd1 Bf6 24. Bb2 Qc7 25. a3 Nd5 26. Re2 Nc3 27. Bxc3 Rxc3
28. a4 Rc4 29. Rd2 Rd8 30. Qe2 Rcxd4 31. Rxd4 Bxd4 32. Re1 g6 33. Qe4 Qc5 34.
Rf1 Rd6 35. Qe2 Rf6 36. Bb7 Kg7 37. Ba6 h5 38. h4 Qa3 39. Qd3 Qxa4 40. Bc4 Bc5
41. Kg2 Qc6+ 42. Bd5 Qd6 43. Bc4 Qxd3 44. Bxd3 Rd6 45. Rd1 b5 46. Be2 Rxd1 47.
Bxd1 Kf6 48. f4 a4 49. Bf3 Ke7 50. Bc6 a3 51. Bd5 f5 52. Kf3 Kd6 53. Bf7 Bd4
54. Ke2 Kc5 55. Kd3 Bf6 56. Kc2 Kd4 57. Kb3 Ke3 58. Bxg6 Kf3 59. Bxf5 Kxg3 60.
Bg6 Kxh4 61. Kxa3 Be7+ 62. Kb3 Kg4 63. Bd3 b4 64. Be2+ Kh4 65. Kc4 1/2-1/2

[Event "SV Wattenscheid 1 - PSV Duisburg 1"]
[Site "Oberliga NRW 2014/2015"]
[Date "2014.11.16"]
[Round "3.4"]
[White "Schoorl, Rob"]
[Black "Wengenroth, Walter"]
[Result "1-0"]
[WhiteElo "2305"]
[BlackElo "2200"]
[Annotator "Hausrath,Daniel"]
[PlyCount "77"]
[EventDate "2014.??.??"]
[WhiteTeam "SV Wattenscheid 1"]
[BlackTeam "PSV Duisburg 1"]

1. e4 c5 2. Nf3 Nc6 3. d4 cxd4 4. Nxd4 Nf6 5. Nc3 d6 6. Bg5 e6 7. Qd2 Be7 8.
O-O-O Nxd4 9. Qxd4 O-O 10. f4 Qa5 11. Bc4 Bd7 12. e5 dxe5 13. fxe5 Bc6 14. Bd2
Nd7 15. Nd5 Qd8 16. Nxe7+ Qxe7 17. Rhe1 Rfd8 18. Qg4 Nf8 19. Bd3 Rxd3 20. cxd3
Qd7 21. Bb4 Qd5 22. Kb1 Ng6 23. Bd6 Qxg2 24. Qxg2 Bxg2 25. Rc1 Nh4 26. Rc4 Nf5
27. Rec1 Bc6 28. b4 h5 29. Rxc6 bxc6 30. Rxc6 g5 31. Bc5 g4 32. b5 h4 33. Bf2
g3 34. hxg3 hxg3 35. Bg1 Kg7 36. a4 Rd8 37. Bxa7 Rxd3 38. Rc2 Rd7 39. Bc5 {ZÜ}
1-0

[Event "SV Wattenscheid 1 - PSV Duisburg 1"]
[Site "Oberliga NRW 2014/2015"]
[Date "2014.11.16"]
[Round "3.5"]
[White "Maslak, Sulejman"]
[Black "Thiel, Thomas"]
[Result "1-0"]
[WhiteElo "2273"]
[BlackElo "2320"]
[PlyCount "49"]
[EventDate "2014.??.??"]
[WhiteTeam "PSV Duisburg 1"]
[BlackTeam "SV Wattenscheid 1"]

1. c4 e5 2. Nc3 Nf6 3. g3 c6 4. d4 exd4 5. Qxd4 Na6 6. Bf4 Bc5 7. Qd2 O-O 8. e3
Bb4 9. a3 Ne4 10. Qc2 Bxc3+ 11. bxc3 Qa5 12. Ne2 d5 13. h4 dxc4 14. Qxe4 Nc5
15. Qb1 Bf5 16. Qa2 Nd3+ 17. Kd2 Rad8 18. Nd4 c5 19. Qxc4 cxd4 20. exd4 Nb2 21.
Qb4 Qd5 22. Rh2 Nd3 23. Bxd3 Bxd3 24. Kxd3 a5 25. Qc4 1-0

[Event "SV Wattenscheid 1 - PSV Duisburg 1"]
[Site "Oberliga NRW 2014/2015"]
[Date "2014.11.16"]
[Round "3.6"]
[White "Franke, Johannes"]
[Black "Heisel, Guido"]
[Result "1-0"]
[WhiteElo "2279"]
[BlackElo "2091"]
[Annotator "Hausrath,Daniel"]
[PlyCount "111"]
[EventDate "2014.??.??"]
[WhiteTeam "SV Wattenscheid 1"]
[BlackTeam "PSV Duisburg 1"]

1. e4 e5 2. Nc3 Nf6 3. Bc4 Bb4 4. d3 c6 5. Nge2 d5 6. exd5 cxd5 7. Bb5+ Bd7 8.
Bxd7+ Qxd7 9. O-O Nc6 10. Bg5 Be7 11. d4 exd4 12. Nxd4 O-O 13. Re1 h6 14. Bh4
Nh7 15. Nxc6 Bxh4 16. Ne5 Qd6 17. Qxd5 Qb6 18. Qf3 Qxb2 19. Rab1 Qa3 20. Nd5
Qa5 21. g3 Bg5 22. h4 Rad8 23. c4 Bf6 24. Ng4 Rd6 $11 25. Re2 Qa6 26. Rb5 b6
27. Kg2 Kh8 28. a3 Qc8 29. Nge3 Re6 30. Nf4 Rc6 31. Rd5 Re8 32. Red2 Nf8 33.
Ng4 Be7 34. Ne5 Rf6 35. Ng4 Rc6 36. Rh5 Kg8 37. Nd5 Bd8 38. Ne5 Rxe5 39. Rxe5
Rxc4 40. Re8 Rc5 41. Ne7+ Bxe7 42. Rxc8 Rxc8 43. Qb7 Re8 44. Qxa7 Bc5 45. a4
Ne6 46. Qd7 Ra8 47. Rd5 Nf8 48. Qc6 Ra7 49. Rd8 Re7 50. a5 Re6 51. Qb5 Be7 52.
Rxf8+ Bxf8 53. a6 Bc5 54. a7 Rf6 55. a8=Q+ Kh7 56. f4 1-0

[Event "SV Wattenscheid 1 - PSV Duisburg 1"]
[Site "Oberliga NRW 2014/2015"]
[Date "2014.11.16"]
[Round "3.7"]
[White "Sponheim, Marko"]
[Black "Hirsch, Stefan"]
[Result "1/2-1/2"]
[WhiteElo "1988"]
[BlackElo "2226"]
[PlyCount "85"]
[EventDate "2014.??.??"]
[WhiteTeam "PSV Duisburg 1"]
[BlackTeam "SV Wattenscheid 1"]

1. e4 e5 2. Nf3 Nc6 3. Bc4 Bc5 4. Nc3 Nf6 5. d3 d6 6. Bg5 h6 7. Bxf6 Qxf6 8.
Nd5 Qd8 9. c3 Na5 10. b4 Nxc4 11. bxc5 Na5 12. cxd6 cxd6 13. Ne3 O-O 14. O-O
Nc6 15. Rb1 Rb8 16. a4 f5 17. exf5 Bxf5 18. Nxf5 Rxf5 19. Rb5 Qf6 20. Qb3+ Kh7
21. Nd2 Qf7 22. Qxf7 Rxf7 23. Ne4 Rd7 24. Rfb1 Nd8 25. Rd5 Nf7 26. Rdb5 Nd8 27.
Rd5 Nf7 28. c4 Rc8 29. Kf1 Rcc7 30. a5 Kg8 31. Ke2 Kf8 32. c5 Ke7 33. cxd6+
Nxd6 34. Rxe5+ Kf7 35. Ke3 g6 36. g4 Nxe4 37. dxe4 Rc3+ 38. Ke2 Rc2+ 39. Ke1
Rdd2 40. Rxb7+ Kf6 41. Rd5 Rxf2 42. Rxa7 Rxh2 43. Ra6+ 1/2-1/2

[Event "SV Wattenscheid 1 - PSV Duisburg 1"]
[Site "Oberliga NRW 2014/2015"]
[Date "2014.11.16"]
[Round "3.8"]
[White "De Ruiter, Danny"]
[Black "Spitzer, Erwin"]
[Result "1-0"]
[WhiteElo "2273"]
[BlackElo "1992"]
[PlyCount "43"]
[EventDate "2014.??.??"]
[WhiteTeam "SV Wattenscheid 1"]
[BlackTeam "PSV Duisburg 1"]

1. d4 d5 2. c4 dxc4 3. e4 e5 4. Nf3 exd4 5. Bxc4 Bb4+ 6. Nbd2 Nc6 7. O-O Qe7 8.
a3 Bxd2 9. Bxd2 Be6 10. Bb5 Bd7 11. Rc1 Qf6 12. Bg5 Qg6 13. Bh4 Nh6 14. Bxc6
bxc6 15. Qxd4 f6 16. Bg3 Qf7 17. Rfd1 Bg4 18. Rxc6 O-O 19. Rxc7 Qe8 20. h3 Bxf3
21. gxf3 Qh5 22. Qd5+ 1-0

[Event "SVG Plettenberg 1 - SF Lieme 1"]
[Site "Oberliga NRW 2014/2015"]
[Date "2014.11.16"]
[Round "3.1"]
[White "Wittke, Rene"]
[Black "Haub, Thorsten Michael"]
[Result "0-1"]
[WhiteElo "2151"]
[BlackElo "2385"]
[PlyCount "60"]
[EventDate "2014.??.??"]
[WhiteTeam "SF Lieme 1"]
[BlackTeam "SVG Plettenberg 1"]

1. d4 g6 2. e4 Bg7 3. Nc3 d6 4. Be3 c6 5. f4 Nf6 6. Nf3 O-O 7. Bd3 Na6 8. Qd2
c5 9. h3 cxd4 10. Bxd4 Nc5 11. O-O b6 12. Rfe1 Bb7 13. f5 e6 14. fxg6 hxg6 15.
Qf2 Nxd3 16. cxd3 e5 17. Be3 Nh7 18. Qg3 f5 19. Bg5 Qd7 20. Qh4 Rf7 21. Bh6 Bf6
22. Qg3 f4 23. Qxg6+ Kh8 24. Kh2 Rg8 25. Qh5 Bd8 26. Nh4 Nf6 27. Bg7+ Kxg7 28.
Nf5+ Kf8 29. Qh6+ Ke8 30. Nb5 Be7 0-1

[Event "SVG Plettenberg 1 - SF Lieme 1"]
[Site "Oberliga NRW 2014/2015"]
[Date "2014.11.16"]
[Round "3.2"]
[White "Kupreichik, Viktor D"]
[Black "Schmitz, Philipp"]
[Result "1/2-1/2"]
[WhiteElo "2451"]
[BlackElo "2163"]
[PlyCount "85"]
[EventDate "2014.??.??"]
[WhiteTeam "SVG Plettenberg 1"]
[BlackTeam "SF Lieme 1"]

1. e4 c5 2. Nf3 d6 3. Nc3 Nf6 4. d4 cxd4 5. Nxd4 a6 6. h3 g6 7. Bc4 Bg7 8. O-O
O-O 9. Re1 Nc6 10. Bg5 Nxd4 11. Qxd4 b5 12. Bb3 Bb7 13. Qe3 Qc7 14. Bh6 Rac8
15. a4 b4 16. Nd5 Bxd5 17. exd5 Bxh6 18. Qxh6 Rfe8 19. a5 Qc5 20. Ba4 Rf8 21.
Rxe7 Qxa5 22. Ree1 Qxd5 23. Qf4 Kg7 24. Qxb4 Rc4 25. Qb6 Nh5 26. g3 Qf5 27.
Qxd6 Qxh3 28. Bd7 f5 29. Re7+ Kh6 30. Qd2+ Nf4 31. gxf4 Qg4+ 32. Kf1 Qh3+ 33.
Ke2 Rf7 34. Re6 Qg4+ 35. Kf1 Qh3+ 36. Kg1 Qg4+ 37. Kh2 Qh4+ 38. Kg1 Qg4+ 39.
Kh2 Qh4+ 40. Kg2 Qg4+ 41. Kf1 Qh3+ 42. Ke2 Qg4+ 43. Kf1 1/2-1/2

[Event "SVG Plettenberg 1 - SF Lieme 1"]
[Site "Oberliga NRW 2014/2015"]
[Date "2014.11.16"]
[Round "3.3"]
[White "Essing, Arnold"]
[Black "Klip, Hans"]
[Result "1/2-1/2"]
[WhiteElo "2162"]
[BlackElo "2316"]
[PlyCount "89"]
[EventDate "2014.??.??"]
[WhiteTeam "SF Lieme 1"]
[BlackTeam "SVG Plettenberg 1"]

1. d4 f5 2. Nf3 Nf6 3. g3 g6 4. Bg2 Bg7 5. O-O O-O 6. c4 d6 7. Nc3 c6 8. Qb3
Kh8 9. Rd1 Qe8 10. Qa3 Na6 11. b4 Nc7 12. Bb2 h6 13. d5 Bd7 14. Rac1 Qf7 15.
dxc6 Bxc6 16. b5 Be4 17. Nxe4 fxe4 18. Nd2 d5 19. cxd5 Nxb5 20. Qb3 Nd6 21. Rf1
Rae8 22. Rcd1 b6 23. e3 g5 24. Qa4 Nxd5 25. Bxg7+ Qxg7 26. Qxa7 Ra8 27. Qd7 Nc3
28. Ra1 Qe5 29. Qg4 Qf5 30. Qh5 Kh7 31. a3 Qe5 32. Qg4 Kg6 33. h4 Qf5 34. h5+
Kg7 35. Bh3 Qxg4 36. Bxg4 Nd5 37. Rfc1 Ra7 38. Nc4 Nxc4 39. Rxc4 Nf6 40. Bf5
Rfa8 41. Rc6 Rxa3 42. Rxa3 Rxa3 43. Rxb6 Ra5 44. g4 Re5 45. Kg2 1/2-1/2